000 00584nam a2200229Ia 4500
003 OSt
005 20220924142204.0
006 a|||||r|||| 00| 0
007 ta
008 220923b |||||||| |||| 00| 0 ben d
024 _a300694
037 _cTextual
040 _aARTS
_cARTS
_bben
041 _2ben
_aben
082 _aV2:22501wM97, 157K5
100 _aChakkavarti
_9212988
245 0 _aNetaji sanga o prasanga Vol.1.
260 _c1965
650 _aHISTORY
942 _hV2:22501wM97, 157K5
_cTEXL
_2CC
999 _c449577
_d449577